000 02266nab a2200289 4500
001 768714001
003 CO-MdFUSB
005 20240313125102.0
008 171009s2016 xxu||||| |||| 00| 0 eng d
022 _a1669-8649
040 _aCO-MdFUSB
_bspa
_cCO-MdFUSB
_dCO-MdFUSB
041 _aeng
100 _aAcosta, Milton
_eautor
242 _aComentario sobre Ruth
245 _aCommentary on Ruth
_c/ Milton Acosta
300 _aVolumen 11, número 1 (2016), páginas: 17-43
_c: 20 cm.
506 _aEl doctor Milton Acosta es docente de la Fundación Universitaria Seminario Bíblico de Colombia en el área de Antiguo Testamento.
520 1 _aEl libro de Ruth es una hermosa historia con una simetría que proporciona una coherencia literaria y temática, casi se siente como una novela ya que termina en una nota alta con una boda y un bebé. Sin embargo, las novelas nunca son tan cortas como el libro de Ruth; ni la novela se conocía como un género literario en épocas y culturas bíblicas. Aun así, el libro tiene cualidades de novela, al igual que la vida real a veces puede ser novelesco. En nuestra Biblia, y por razones cronológicas, Rut viene después de Jueces. Por razones teológicas, el Texto Masorético coloca a Rut entre los Proverbios y el Canto de Salomón, como si Ruth fuera un libro de sabiduría. Proverbios termina con la esposa "de noble carácter", y Ruth se llama una mujer "de noble carácter"; estos son los únicos ejemplos en la Biblia en los que una mujer es designada como tal. Proverbios 31 describe a la mujer de noble carácter; Ruth cuenta la historia de una.
546 _aTexto en inglés
630 0 7 _aBiblia.
_pRut
_xCrítica, interpretación, etc.
650 7 _9320
_aTeología bíblica
773 _049416
_976183
_gVolumen 11, número 1 (2016), páginas: 17 - 43
_qPágina 17
_tJournal of Latin American Theology
773 _049416
_982396
_gVolumen 11, número 1 (2016), páginas: 17 - 43
_qPágina 17
_tJournal of Latin American Theology
773 _049416
_982481
_gVolumen 11, número 1 (2016), páginas: 17 - 43
_qPágina 17
_tJournal of Latin American Theology
773 _049416
_982482
_gVolumen 11, número 1 (2016), páginas: 17 - 43
_qPágina 17
_tJournal of Latin American Theology
942 _cANA
999 _c64065
_d64065